Le coeur grenadine - Laurent Voulzy : Paroles - Statistiques

Statistiques générales
  • Ce quiz a été pris 17 fois
  • Le résultat moyen est 180 sur 265
Statistiques - réponses
Paroles % Correct
coeur
100%
grenadine
100%
J'ai
100%
j'ai
100%
le
100%
à
93%
a
93%
de
93%
et
93%
pas
93%
dans
86%
j'en
86%
la
86%
ma
86%
peau
86%
sur
86%
avec
79%
des
79%
mais
79%
mon
79%
nuit
79%
nuits
79%
passe
79%
tellement
79%
toi
79%
d'soleil
71%
être
71%
j'voudrais
71%
mer
71%
moi
71%
par
71%
t'es
71%
tes
71%
un
71%
une
71%
ai
64%
biguine
64%
bleu
64%
c'est
64%
danse
64%
du
64%
îles
64%
là-bas
64%
marine
64%
papier
64%
pied
64%
planisphère
64%
ta
64%
tout
64%
cancer
57%
capricorne
57%
caresser
57%
coquille
57%
entre
57%
laissé
57%
loin
57%
mes
57%
57%
pour
57%
accident
50%
bien
50%
corps
50%
j'la
50%
l'papier
50%
mandarine
50%
noix
50%
plaisir
50%
sous
50%
au
43%
danser
43%
fort
43%
j'suis
43%
lettres
43%
l'gris
43%
morceau
43%
oh
43%
paupières
43%
pense
43%
qu'la
43%
sucré
43%
toucher
43%
toute
43%
très
43%
d'eau
36%
d'mon
36%
doucement
36%
est
36%
faudrait
36%
immobile
36%
l'soleil
36%
pays
36%
resté
36%
sel
36%
ton
36%
voile
36%
connais
29%
derrière
29%
dormir
29%
doudou
29%
fille
29%
journée
29%
qu'je
29%
tropical
29%
c'pays
21%
jolie
21%
l'vent
21%
mille
21%
sommeil
21%
traces
21%
cinq
14%
lieux
14%
mouillé
14%
entourés
7%
planqués
7%
tiroirs
7%
tourmenté
7%
points
0%
Aucun quiz correspondant
Distribution des résultats
% des personnes avec chaque résultat
Percentile par nombre de réponses
Votre historique - résultats
Vous n’avez pas pris ce quiz